000 00659nam a2200241 i 4500
001 C2-0121522
003 PPAK
005 20180727113149.0
008 970820s1989 my |||| ||||| | may d
020 _a9836207104
040 _aPPAK
_beng
_cPPAK
_erda
082 0 4 _a617.6
_223
090 0 0 _a617.6
_bRAH
_dKIH
100 0 _aRahimah Abdul Kadir,
_eauthor
245 1 0 _aPanduan kaedah epidemiologi pergigian
264 1 _aKuala Lumpur :
_bDewan Bahasa dan Pustaka ,
_c1989
300 _avii, 97 pages ;
_c22 cm
336 _2rdacontent
_atext
337 _2rdamedia
_aunmediated
338 _2rdacarrier
_avolume
650 1 0 _aDentistry
942 _ddc
_cB
999 _c34516
_d34516